Análisis cualitativo de entrevistas /

Uloženo v:
Podrobná bibliografie
Hlavní autor: Ballester, Lluis
Další autoři: Orte, Carmen, Oliver, Joseph Lluis, Castro C, Gisela
Médium: Text
Tagy: Přidat tag
Žádné tagy, Buďte první, kdo vytvoří štítek k tomuto záznamu!

MARC

LEADER 00000 a a2200000 04500
001 10119
003
040
100 |a Ballester, Lluis  
245 |a Análisis cualitativo de entrevistas /  |c Lluis Ballester 
700 |a Orte, Carmen  
700 |a Oliver, Joseph Lluis  
700 |a Castro C, Gisela  
773 |g número 18; páginas 140-148  
999 |c 22131  |d 22131